| 000 | 00969ngm a2200217Ia 4500 | ||
|---|---|---|---|
| 001 | CINE00576 | ||
| 003 | EcQuCN | ||
| 005 | 20240205095520.0 | ||
| 006 | a||||gr|||| 00| mz | ||
| 007 | mc nfubzzgazauz|c201508 | ||
| 008 | 150827s ec ||||g |||| 00| mzspa d | ||
| 040 | _aEcQuCN | ||
| 084 | _aVHSER0059.1 - DVDER932.1 | ||
| 245 | 1 | 0 |
_aHomenaje a Jorge Fegan; _cProducida por: programa tras cámara |
| 260 |
_aQuito _bCinemateca Nacional |
||
| 300 | _a9 minutos. 20 segundos. | ||
| 520 | 1 | _aDocumental realizado en el homenaje ofrecido en la sala de cine Alfredo Pareja al desaparecido actor ecuatoriano Jorge Fegan, radicado en México y que protagonizó la película Rojo amanecer. Entrevistas a Totty Rodriguez, Rafael Pérez, Paul Ferret, Raúl Guarderas, Magdalena Fegan, Ulises Estrella, entre otros. Fegan apareció en las primeras producciones de televisión en Ecuador. | |
| 650 | 4 | _aHISTORIA | |
| 700 | 1 |
_aPrograma tras camaras _eproductor |
|
| 942 |
_2z _cVHS |
||
| 999 |
_c581 _d581 |
||